[Event "FIN-ch Seniors 65"]
[Site "Helsinki"]
[Date "2024.04.06"]
[Round "9"]
[White "Riihimaki, Pekka"]
[Black "Kukkonen, Martti"]
[Result "1-0"]
[WhiteElo "1921"]
[BlackElo "1671"]
[PlyCount "67"]
[EventDate "2024.03.29"]
[EventType "swiss"]
[EventRounds "9"]
[EventCountry "FIN"]
[SourceTitle "CB15_2024"]
[SourceDate "2024.04.10"]
[SourceVersion "1"]
[SourceVersionDate "2024.04.10"]
[SourceQuality "1"]

1. e4 d6 2. d4 g6 3. f4 a6 4. Nf3 Bg7 5. Nc3 Nd7 6. Bd3 e6 7. Be3 Ne7 8. g4 c5 9. Qd2 b5 10. e5 Bb7 11. 0-0 Qc7 12. Bxb5 0-0 13. Bxd7 Qxd7 14. dxc5 d5 15. Ne2 Qc6 16. Ned4 Qc7 17. b4 Bc6 18. Nxc6 Nxc6 19. Nd4 Rab8 20. Nxc6 Qxc6 21. c3 Rfd8 22. Bd4 a5 23. a4 axb4 24. cxb4 Bf8 25. Rfc1 Bh6 26. g5 Bf8 27. b5 Rxb5 28. axb5 Qxb5 29. Rcb1 Qc4 30. Rb4 Qxb4 31. Qxb4 Rc8 32. Ra7 h5 33. Qb7 Rxc5 34. Qxf7+ 1-0

[Event "FIN-ch op"]
[Site "Naantali"]
[Date "2019.07.03"]
[Round "6"]
[White "Riihimaki, Pekka"]
[Black "Tiiva, Eetu"]
[Result "1/2-1/2"]
[WhiteElo "1933"]
[BlackElo "1830"]
[PlyCount "30"]
[EventDate "2019.06.29"]
[EventType "swiss"]
[EventRounds "9"]
[EventCountry "FIN"]
[SourceTitle "CBM 192 Extra"]
[Source "Chessbase"]
[SourceDate "2019.11.06"]
[SourceVersion "1"]
[SourceVersionDate "2019.11.06"]
[SourceQuality "1"]

1. e4 e6 2. d4 d5 3. Nc3 Nf6 4. e5 Nfd7 5. f4 c5 6. Nf3 Nc6 7. Be3 Qb6 8. Qd2 cxd4 9. Nxd4 Bc5 10. Na4 Qb4 11. Nxc5 Qxd2+ 12. Kxd2 Nxc5 13. Bd3 Nxd4 14. Bxd4 Nxd3 15. cxd3 Bd7 1/2-1/2

[Event "FIN-chT2 Gp4 1819"]
[Site "Finland"]
[Date "2018.09.16"]
[Round "3.3"]
[White "Nisula, Timo"]
[Black "Riihimaki, Pekka"]
[Result "1/2-1/2"]
[WhiteElo "1883"]
[BlackElo "1938"]
[PlyCount "31"]
[EventDate "2018.09.15"]
[EventType "team-tourn"]
[EventRounds "6"]
[EventCountry "FIN"]
[SourceTitle "EXT 2020"]
[Source "ChessBase"]
[SourceDate "2019.10.17"]
[SourceVersion "1"]
[SourceVersionDate "2019.10.17"]
[SourceQuality "1"]
[WhiteTeam "Oulu OSS II"]
[BlackTeam "Kankaanpaa SK"]
[WhiteTeamCountry "FIN"]
[BlackTeamCountry "FIN"]

1. e4 c5 2. Nf3 d6 3. Bb5+ Nd7 4. 0-0 Ngf6 5. Re1 a6 6. Bf1 e6 7. c4 Be7 8. Nc3 Qc7 9. b3 b6 10. Bb2 Bb7 11. d3 0-0 12. g3 Rad8 13. Bg2 Rfe8 14. Qd2 Bf8 15. Rad1 Ne5 16. h3 1/2-1/2

[Event "Helsinki HSK op"]
[Site "Helsinki"]
[Date "2018.09.02"]
[Round "5"]
[White "Riihimaki, Pekka"]
[Black "Koskinen, Hannu E"]
[Result "1/2-1/2"]
[WhiteElo "1881"]
[BlackElo "1899"]
[PlyCount "40"]
[EventDate "2018.08.31"]
[EventType "swiss"]
[EventRounds "5"]
[EventCountry "FIN"]
[SourceTitle "EXT 2021"]
[Source "ChessBase"]
[SourceDate "2020.10.23"]
[SourceVersion "1"]
[SourceVersionDate "2020.10.23"]
[SourceQuality "1"]

1. e4 d6 2. d4 Nf6 3. Nc3 g6 4. f4 Bg7 5. Nf3 0-0 6. Bd3 Na6 7. 0-0 c5 8. d5 Nc7 9. Qe1 Rb8 10. a4 Bd7 11. Bc4 e6 12. dxe6 Bxe6 13. Bxe6 Nxe6 14. e5 Ne8 15. Qg3 dxe5 16. fxe5 N8c7 17. Rd1 Nd4 18. Nxd4 cxd4 19. Ne2 Qe7 20. Nxd4 Bxe5 1/2-1/2

[Event "Jyvaskyla We JyS A"]
[Site "Jyvaskyla"]
[Date "2018.01.28"]
[Round "4"]
[White "Riihimaki, Pekka"]
[Black "Sipila, Markku"]
[Result "0-1"]
[WhiteElo "1953"]
[BlackElo "2043"]
[PlyCount "126"]
[EventDate "2018.01.26"]
[EventType "swiss"]
[EventRounds "5"]
[EventCountry "FIN"]
[SourceTitle "EXT 2022"]
[Source "ChessBase"]
[SourceDate "2021.10.06"]
[SourceVersion "1"]
[SourceVersionDate "2021.10.06"]
[SourceQuality "1"]

1. e4 d6 2. d4 Nf6 3. Nc3 g6 4. Nf3 Bg7 5. Be2 0-0 6. 0-0 c6 7. h3 Na6 8. Be3 Re8 9. Qd2 Qc7 10. a3 b6 11. Rfe1 Bb7 12. Bd3 e5 13. dxe5 dxe5 14. Qe2 Qc8 15. Rad1 b5 16. Nb1 Nc7 17. c4 a6 18. Nc3 Nh5 19. cxb5 axb5 20. Rc1 Qe6 21. Qc2 Qe7 22. Ne2 Ne6 23. g3 Rac8 24. b4 h6 25. Red1 Red8 26. Qb1 Nd4 27. Bxd4 exd4 28. g4 Nf6 29. Nexd4 c5 30. Rxc5 Rxc5 31. bxc5 Qxc5 32. Qxb5 Qxb5 33. Bxb5 Nxe4 34. a4 Nc3 35. Rd2 Ne4 36. Rd1 Ng5 37. Be2 Nxh3+ 38. Kf1 Nf4 39. Nb5 Ra8 40. Nd6 Bd5 41. Rxd5 Nxd5 42. Bc4 Nb6 43. Bxf7+ Kh7 44. Nh4 g5 45. Bg6+ Kh8 46. Nhf5 Bf8 47. Nf7+ Kg8 48. Ne5 Bg7 49. Nf7 Kf8 50. Bh5 Rxa4 51. f3 Nd5 52. N7xh6 Bxh6 53. Nxh6 Nf4 54. Nf5 Nxh5 55. gxh5 Rf4 56. Ng3 Rxf3+ 57. Kg2 Rf4 58. Kh3 Kg7 59. Kg2 Kh7 60. Kh3 Kh6 61. Kg2 g4 62. Kg1 Kg5 63. Kg2 Rf3 0-1

[Event "Jyvaskyla We JyS A"]
[Site "Jyvaskyla"]
[Date "2018.01.27"]
[Round "2"]
[White "Keso, Elias"]
[Black "Riihimaki, Pekka"]
[Result "1/2-1/2"]
[WhiteElo "1799"]
[BlackElo "1953"]
[PlyCount "83"]
[EventDate "2018.01.26"]
[EventType "swiss"]
[EventRounds "5"]
[EventCountry "FIN"]
[SourceTitle "EXT 2022"]
[Source "ChessBase"]
[SourceDate "2021.10.06"]
[SourceVersion "1"]
[SourceVersionDate "2021.10.06"]
[SourceQuality "1"]

1. d4 Nf6 2. Bg5 h6 3. Bxf6 exf6 4. c4 Bb4+ 5. Nc3 d5 6. Qa4+ Nc6 7. cxd5 Qxd5 8. Qxb4 Nxb4 9. Nxd5 Nxd5 10. e4 Ne7 11. Bc4 0-0 12. Ne2 c6 13. 0-0 Be6 14. b3 b5 15. Bxe6 fxe6 16. Rac1 Rfd8 17. Rc5 Rd7 18. f3 Kf7 19. Kf2 a5 20. Ke3 a4 21. b4 Rad8 22. Rd1 g6 23. h4 Rg8 24. a3 g5 25. hxg5 hxg5 26. Rh1 Rg7 27. Rh6 Rg6 28. Rxg6 Kxg6 29. Rc1 Rd8 30. Rh1 Ra8 31. Nc1 Nc8 32. Nd3 Nd6 33. Nb2 Nc8 34. Rc1 Ne7 35. Nd3 Rh8 36. Nc5 Kf7 37. Nb7 Ke8 38. Nc5 Kf7 39. Nd3 Rh2 40. Kf2 Rh8 41. Nc5 Rd8 42. Ke3 1/2-1/2

[Event "Jyvaskyla We JyS A"]
[Site "Jyvaskyla"]
[Date "2018.01.27"]
[Round "3"]
[White "Salmelin, Aaro"]
[Black "Riihimaki, Pekka"]
[Result "1/2-1/2"]
[WhiteElo "1924"]
[BlackElo "1953"]
[PlyCount "59"]
[EventDate "2018.01.26"]
[EventType "swiss"]
[EventRounds "5"]
[EventCountry "FIN"]
[SourceTitle "EXT 2022"]
[Source "ChessBase"]
[SourceDate "2021.10.06"]
[SourceVersion "1"]
[SourceVersionDate "2021.10.06"]
[SourceQuality "1"]

1. d4 Nf6 2. Nf3 d5 3. Bg5 e6 4. Nbd2 Be7 5. e3 Nbd7 6. Bd3 0-0 7. c3 Re8 8. Ne5 Nxe5 9. dxe5 Nd7 10. Bf4 f5 11. g4 Nc5 12. Bc2 Ne4 13. Qe2 Nxd2 14. Qxd2 Bg5 15. 0-0-0 c6 16. Rdg1 Bxf4 17. exf4 Rf8 18. h4 Qe7 19. Rg3 Bd7 20. Rhg1 Rf7 21. h5 Raf8 22. gxf5 exf5 23. Bd1 Kh8 24. Kb1 Be6 25. Rg5 c5 26. Bc2 Rd8 27. Qe3 b5 28. Qg3 a5 29. Qh3 Rdf8 30. R5g3 1/2-1/2

[Event "Naantali Avoin op"]
[Site "Naantali"]
[Date "2017.07.04"]
[Round "3"]
[White "Riihimaki, Pekka"]
[Black "Louhi, Tapio"]
[Result "1-0"]
[WhiteElo "1960"]
[BlackElo "1608"]
[PlyCount "105"]
[EventDate "2017.07.03"]
[EventType "swiss"]
[EventRounds "7"]
[EventCountry "FIN"]
[SourceTitle "EXT 2018"]
[Source "ChessBase"]
[SourceDate "2017.10.13"]
[SourceVersion "1"]
[SourceVersionDate "2017.10.13"]
[SourceQuality "1"]

1. e4 c5 2. Nf3 Nc6 3. d4 cxd4 4. Nxd4 e5 5. Nb5 Qa5+ 6. N1c3 a6 7. Nd6+ Bxd6 8. Qxd6 Nge7 9. Bd2 Qb4 10. Qxb4 Nxb4 11. 0-0-0 d5 12. a3 d4 13. axb4 dxc3 14. Bxc3 Nc6 15. Bc4 0-0 16. Rd6 h6 17. Rhd1 Be6 18. Bd5 Rad8 19. Bxc6 Rxd6 20. Rxd6 bxc6 21. Rxc6 Bc8 22. f3 f6 23. Rd6 Kf7 24. Be1 Ke7 25. Bf2 Kxd6 26. Bc5+ Ke6 27. Bxf8 Kf7 28. Bc5 f5 29. exf5 Bxf5 30. Kd2 h5 31. h4 Ke6 32. c4 g6 33. g3 Kd7 34. Be3 Kc6 35. Bh6 Kb6 36. Ke3 Kc6 37. Bg7 Kd6 38. b5 axb5 39. cxb5 Bd7 40. b6 Bc6 41. b4 Bb7 42. g4 Ke6 43. gxh5 gxh5 44. f4 e4 45. Bc3 Kf5 46. Bd2 Ke6 47. Kd4 Kd6 48. f5 Ke7 49. Ke5 Ba8 50. Bg5+ Kf7 51. Kd6 e3 52. Bxe3 Kf6 53. Kc7 1-0

[Event "FIN-chT2 Gp4 1617"]
[Site "Finland"]
[Date "2016.12.10"]
[Round "5.5"]
[White "Riihimaki, Pekka"]
[Black "Kangasniemi, Jussi"]
[Result "1-0"]
[WhiteElo "1946"]
[BlackElo "1878"]
[PlyCount "49"]
[EventDate "2016.09.17"]
[EventType "team-tourn"]
[EventRounds "7"]
[EventCountry "FIN"]
[SourceTitle "EXT 2019"]
[Source "ChessBase"]
[SourceDate "2018.10.10"]
[SourceVersion "1"]
[SourceVersionDate "2018.10.10"]
[SourceQuality "1"]
[WhiteTeam "Kankaanpaa SK"]
[BlackTeam "Pori PSY"]
[WhiteTeamCountry "FIN"]
[BlackTeamCountry "FIN"]

1. e4 d6 2. d4 Nf6 3. f3 e6 4. c4 Be7 5. Nc3 0-0 6. Be3 Nbd7 7. Qd2 c5 8. Nge2 Qa5 9. b3 d5 10. exd5 cxd4 11. Bxd4 exd5 12. Nxd5 Qxd2+ 13. Kxd2 Nxd5 14. cxd5 Nf6 15. Nc3 Rd8 16. Bc4 b6 17. Rad1 Bb7 18. Bxf6 Bxf6 19. Kc2 Rac8 20. Rd3 a6 21. a4 Be5 22. g3 Rc5 23. Rhd1 Kf8 24. f4 f5 25. fxe5 1-0

[Event "Naantali Avoin op"]
[Site "Naantali"]
[Date "2016.07.09"]
[Round "8"]
[White "Riihimaki, Pekka"]
[Black "Patola, Eero"]
[Result "1/2-1/2"]
[WhiteElo "1957"]
[BlackElo "1901"]
[PlyCount "86"]
[EventDate "2016.07.04"]
[EventType "swiss"]
[EventRounds "9"]
[EventCountry "FIN"]
[SourceTitle "EXT 2017"]
[Source "ChessBase"]
[SourceDate "2016.10.25"]
[SourceVersion "1"]
[SourceVersionDate "2016.10.25"]
[SourceQuality "1"]

1. e4 d5 2. exd5 Nf6 3. Nf3 Nxd5 4. d4 Bf5 5. Nh4 Bg6 6. Nxg6 hxg6 7. c4 Nf6 8. Nc3 e6 9. c5 a6 10. Be2 Be7 11. Bf3 Nd5 12. Qb3 Nxc3 13. bxc3 Ra7 14. Be3 c6 15. Rb1 Nd7 16. 0-0 Bg5 17. Rfe1 Bxe3 18. Rxe3 Kf8 19. Rbe1 b5 20. Bxc6 Qc7 21. Bxd7 Qxh2+ 22. Kf1 Rxd7 23. g3 Qh3+ 24. Ke2 Qg4+ 25. Kd2 Rh2 26. R1e2 Qf5 27. Ke1 Rh1+ 28. Kd2 Qxc5 29. Re5 Qc6 30. Qb4+ Qd6 31. Qxd6+ Rxd6 32. Rc5 b4 33. Ke3 bxc3 34. Rxc3 Rd1 35. Rc4 Ke7 36. Rb2 Ra1 37. Rc7+ Rd7 38. Rc6 Ra7 39. Rc4 Kf6 40. Ra4 Rc1 41. Rb6 Rc3+ 42. Kd2 Rac7 43. d5 Rc2+ 1/2-1/2

[Event "Naantali Avoin op"]
[Site "Naantali"]
[Date "2016.07.07"]
[Round "6"]
[White "Riihimaki, Pekka"]
[Black "Tammela, Kari"]
[Result "0-1"]
[WhiteElo "1957"]
[BlackElo "2156"]
[PlyCount "86"]
[EventDate "2016.07.04"]
[EventType "swiss"]
[EventRounds "9"]
[EventCountry "FIN"]
[SourceTitle "EXT 2017"]
[Source "ChessBase"]
[SourceDate "2016.10.25"]
[SourceVersion "1"]
[SourceVersionDate "2016.10.25"]
[SourceQuality "1"]

1. e4 c5 2. Nf3 Nf6 3. Nc3 d5 4. exd5 Nxd5 5. Bb5+ Bd7 6. Ne5 Nf6 7. Qf3 Qc7 8. Nxd7 Nbxd7 9. 0-0 a6 10. Bxd7+ Qxd7 11. d3 e6 12. Bf4 Be7 13. Rfe1 Rd8 14. Rad1 0-0 15. h3 Nd5 16. Nxd5 Qxd5 17. Qxd5 Rxd5 18. Re4 Bf6 19. b3 Rfd8 20. Rde1 Bd4 21. Be5 Rc8 22. Bf4 h6 23. Bd2 b5 24. Be3 Bc3 25. Rd1 Kf8 26. Kf1 Ke7 27. Bd2 f5 28. Re2 Bf6 29. Rb1 g5 30. f4 Kf7 31. g3 Rc6 32. Kg2 Rcd6 33. Be3 e5 34. fxe5 Rxe5 35. Ree1 Rde6 36. Kf3 g4+ 37. hxg4 fxg4+ 38. Kf2 Rxe3 39. Rxe3 Bd4 40. Rbe1 b4 41. R1e2 Kg6 42. Re1 Kg5 43. R1e2 h5 0-1

[Event "Helsinki We HSK 01 op"]
[Site "Helsinki"]
[Date "2015.01.25"]
[Round "5"]
[White "Ertbjerg, Per"]
[Black "Riihimaki, Pekka"]
[Result "1/2-1/2"]
[WhiteElo "2020"]
[BlackElo "1973"]
[PlyCount "101"]
[EventDate "2015.01.23"]
[EventType "swiss"]
[EventRounds "5"]
[EventCountry "FIN"]
[SourceTitle "EXT 2016"]
[Source "ChessBase"]
[SourceDate "2015.10.08"]
[SourceVersion "1"]
[SourceVersionDate "2015.10.08"]
[SourceQuality "1"]

1. d4 d5 2. c4 c6 3. Nc3 Nf6 4. Nf3 dxc4 5. a4 Bf5 6. e3 e6 7. Bxc4 Nbd7 8. 0-0 Bb4 9. Bd2 a5 10. Qe2 0-0 11. Rfd1 Qe7 12. Be1 Rac8 13. Nd2 e5 14. Nb3 Nb6 15. Bd3 e4 16. Bc2 Rfe8 17. Na2 Nbd5 18. Nxb4 axb4 19. Nd2 Bg6 20. Rdc1 Bh5 21. Qc4 Nb6 22. Qc5 Qxc5 23. dxc5 Nbd7 24. Nc4 Nxc5 25. Nd6 b3 26. Nxe8 Rxe8 27. Bd1 Nd3 28. Bxb3 Nxc1 29. Rxc1 Be2 30. Ba5 Bd3 31. Rc5 g6 32. Bc3 Nd7 33. Ra5 Ba6 34. Rg5 Kf8 35. h4 f6 36. Rg4 Be2 37. Rf4 f5 38. Bc2 Kg8 39. b4 Nb6 40. Bb3+ Kf8 41. Bd4 Nd5 42. Bxd5 cxd5 43. f3 Rc8 44. Be5 Kf7 45. Kf2 Bd1 46. a5 Ke6 47. Ke1 Ba4 48. Kd2 Bb5 49. g4 Rg8 50. fxe4 dxe4 51. Kc3 1/2-1/2

[Event "Helsinki We HSK 01 op"]
[Site "Helsinki"]
[Date "2015.01.24"]
[Round "2"]
[White "Riihimaki, Pekka"]
[Black "Suominen, Antti"]
[Result "1/2-1/2"]
[WhiteElo "1973"]
[BlackElo "2066"]
[PlyCount "49"]
[EventDate "2015.01.23"]
[EventType "swiss"]
[EventRounds "5"]
[EventCountry "FIN"]
[SourceTitle "EXT 2016"]
[Source "ChessBase"]
[SourceDate "2015.10.08"]
[SourceVersion "1"]
[SourceVersionDate "2015.10.08"]
[SourceQuality "1"]

1. e4 d5 2. exd5 Nf6 3. Nf3 Qxd5 4. Nc3 Qd6 5. d4 Bg4 6. g3 Nc6 7. Bg2 0-0-0 8. 0-0 Qd7 9. d5 Nb4 10. Qd4 Nbxd5 11. Qxa7 c6 12. Ne5 Qe6 13. Nxd5 Nxd5 14. Bxd5 Rxd5 15. Nxg4 Qxg4 16. Be3 e6 17. Qa8+ Kc7 18. Ba7 Bc5 19. Qxh8 Bxa7 20. c4 Rd2 21. Qf8 Qf3 22. Qe7+ Kc8 23. Qe8+ Kc7 24. Qe7+ Kc8 25. Qe8+ 1/2-1/2

[Event "Turku TuTS Weekend A"]
[Site "Turku"]
[Date "2014.11.28"]
[Round "1"]
[White "Sipila, Vilka"]
[Black "Riihimaki, Pekka"]
[Result "1-0"]
[WhiteElo "2416"]
[BlackElo "1976"]
[PlyCount "93"]
[EventDate "2014.11.28"]
[EventType "swiss"]
[EventRounds "5"]
[EventCountry "FIN"]
[SourceTitle "EXT 2022"]
[Source "ChessBase"]
[SourceDate "2021.10.06"]
[SourceVersion "1"]
[SourceVersionDate "2021.10.06"]
[SourceQuality "1"]

1. d4 d5 2. c4 c6 3. Nf3 Nf6 4. Nc3 e6 5. Bg5 h6 6. Bxf6 Qxf6 7. e3 Nd7 8. Bd3 g6 9. 0-0 Bg7 10. e4 dxc4 11. Bxc4 Nb6 12. Bd3 0-0 13. Qb3 Qd8 14. e5 Nd5 15. a3 Qb6 16. Qc2 Nxc3 17. Qxc3 Rd8 18. Rfd1 a5 19. Be4 a4 20. h4 Bf8 21. h5 g5 22. Nh2 Qb3 23. Qc1 Ra5 24. Ng4 Bg7 25. Bc2 Qb6 26. Qe3 Rad5 27. Qd3 Rxd4 28. Qh7+ Kf8 29. Nf6 Rxd1+ 30. Rxd1 Rxd1+ 31. Bxd1 Qd8 32. Qg8+ Ke7 33. Qxg7 Qxd1+ 34. Kh2 Qd4 35. Ng8+ Ke8 36. Qf6 Qf4+ 37. Qxf4 gxf4 38. Nxh6 f5 39. exf6 e5 40. g4 fxg3+ 41. fxg3 Be6 42. g4 c5 43. g5 b5 44. g6 b4 45. Ng4 c4 46. h6 c3 47. h7 1-0

[Event "Pori We PSY"]
[Site "Pori"]
[Date "2014.10.11"]
[Round "1"]
[White "Olander, Aleksi"]
[Black "Riihimaki, Pekka"]
[Result "1/2-1/2"]
[WhiteElo "2100"]
[BlackElo "1923"]
[PlyCount "70"]
[EventDate "2014.10.11"]
[EventType "swiss"]
[EventRounds "5"]
[EventCountry "FIN"]
[SourceTitle "EXT 2022"]
[Source "ChessBase"]
[SourceDate "2021.10.06"]
[SourceVersion "1"]
[SourceVersionDate "2021.10.06"]
[SourceQuality "1"]

1. d4 d5 2. c4 c6 3. Nf3 Nf6 4. e3 e6 5. b3 Nbd7 6. Bb2 Bd6 7. Nbd2 0-0 8. Ne5 Ne4 9. Nxd7 Bxd7 10. Nxe4 dxe4 11. Qc2 Bb4+ 12. Bc3 Qa5 13. Rc1 Bxc3+ 14. Qxc3 Qxc3+ 15. Rxc3 a5 16. f3 exf3 17. gxf3 Rfc8 18. c5 Rd8 19. Bc4 Kf8 20. Ke2 Ke7 21. Rb1 Rab8 22. Bd3 Ra8 23. Rc4 g6 24. Ra4 f5 25. f4 Rdb8 26. Rc4 Rf8 27. Rb2 Ra7 28. Ra4 Raa8 29. b4 axb4 30. Rbxb4 Rxa4 31. Rxa4 Kf6 32. Rb4 Bc8 33. h4 h6 34. a4 Rg8 35. a5 g5 1/2-1/2

[Event "Helsinki We HSK"]
[Site "Helsinki"]
[Date "2014.08.31"]
[Round "5"]
[White "Riihimaki, Pekka"]
[Black "Elomaa, Arto"]
[Result "0-1"]
[WhiteElo "1975"]
[BlackElo "2146"]
[PlyCount "96"]
[EventDate "2014.08.29"]
[EventType "swiss"]
[EventRounds "5"]
[EventCountry "FIN"]
[SourceTitle "EXT 2022"]
[Source "ChessBase"]
[SourceDate "2021.10.06"]
[SourceVersion "1"]
[SourceVersionDate "2021.10.06"]
[SourceQuality "1"]

1. e4 c5 2. Nf3 Nc6 3. d4 cxd4 4. Nxd4 Qb6 5. Nb3 Nf6 6. Nc3 e6 7. Be3 Qc7 8. a3 a6 9. f4 d6 10. Bd3 Be7 11. 0-0 Bd7 12. Na4 0-0 13. Nb6 Rad8 14. c4 Be8 15. Qf3 Nd7 16. Nxd7 Bxd7 17. Qf2 Qb8 18. Nd4 Rc8 19. b4 Bf6 20. Nxc6 Bxc6 21. Rac1 b5 22. c5 e5 23. Rcd1 dxc5 24. Bxc5 Rfe8 25. Bb1 exf4 26. Qxf4 Qxf4 27. Rxf4 Rcd8 28. Rxd8 Rxd8 29. Rf1 Bb2 30. Ba2 Be8 31. e5 Bxe5 32. Re1 Bf6 33. Bd5 g6 34. Bb7 Bd7 35. Rd1 Be8 36. Rxd8 Bxd8 37. Bxa6 Bf6 38. a4 bxa4 39. b5 Bb2 40. b6 a3 41. Bc4 Bc6 42. Kf2 Kg7 43. g3 f5 44. Ke3 Kf6 45. Ba2 Bb7 46. h4 h6 47. Bf8 Bc6 48. Bxh6 Bc1+ 0-1

[Event "Helsinki We HSK"]
[Site "Helsinki"]
[Date "2014.08.31"]
[Round "4"]
[White "Tuovinen, Jukka"]
[Black "Riihimaki, Pekka"]
[Result "1/2-1/2"]
[WhiteElo "2049"]
[BlackElo "1975"]
[PlyCount "34"]
[EventDate "2014.08.29"]
[EventType "swiss"]
[EventRounds "5"]
[EventCountry "FIN"]
[SourceTitle "EXT 2022"]
[Source "ChessBase"]
[SourceDate "2021.10.06"]
[SourceVersion "1"]
[SourceVersionDate "2021.10.06"]
[SourceQuality "1"]

1. e4 c5 2. c3 Nf6 3. e5 Nd5 4. d4 cxd4 5. Qxd4 e6 6. Nf3 Nc6 7. Qe4 f5 8. exf6 Nxf6 9. Qh4 d5 10. Bd3 Bd6 11. Bg5 h6 12. Bg6+ Ke7 13. Be3 Bd7 14. 0-0 Be8 15. Bxe8 Rxe8 16. Re1 Kf7 17. Nbd2 e5 1/2-1/2

[Event "Helsinki We HSK"]
[Site "Helsinki"]
[Date "2014.08.29"]
[Round "1"]
[White "Riihimaki, Pekka"]
[Black "Hallman, Valo"]
[Result "0-1"]
[WhiteElo "1975"]
[BlackElo "1968"]
[PlyCount "82"]
[EventDate "2014.08.29"]
[EventType "swiss"]
[EventRounds "5"]
[EventCountry "FIN"]
[SourceTitle "EXT 2022"]
[Source "ChessBase"]
[SourceDate "2021.10.06"]
[SourceVersion "1"]
[SourceVersionDate "2021.10.06"]
[SourceQuality "1"]

1. e4 d6 2. d4 Nf6 3. Nc3 e5 4. dxe5 dxe5 5. Qxd8+ Kxd8 6. Bg5 Be6 7. 0-0-0+ Nbd7 8. f4 exf4 9. e5 h6 10. Bxf6+ gxf6 11. exf6 Kc8 12. Nd5 Bc5 13. Ne2 Bxd5 14. Rxd5 Be3+ 15. Kb1 Nxf6 16. Rf5 Ne4 17. Nxf4 Nf2 18. Rg1 Nd3 19. Bxd3 Bxg1 20. Rxf7 Bxh2 21. Bf5+ Kb8 22. Ng6 Rd8 23. c3 a5 24. g4 Ra6 25. Rh7 Rad6 26. Rxh6 Rd1+ 27. Kc2 R8d2+ 28. Kb3 Re1 29. a4 Ree2 30. Nf8 Rxb2+ 31. Kc4 Bf4 32. Rh8 Ka7 33. Ne6 Be5 34. Rh3 Rf2 35. Nd4 Bxd4 36. Kxd4 Ra2 37. Rh7 Kb6 38. Ke3 Rf1 39. Bd3 Rfa1 40. Rg7 Rxa4 41. Bf5 R1a3 0-1

[Event "Naantali op"]
[Site "Naantali"]
[Date "2014.07.05"]
[Round "8"]
[White "Riihimaki, Pekka"]
[Black "Valkama, Eero"]
[Result "0-1"]
[WhiteElo "1971"]
[BlackElo "2050"]
[PlyCount "92"]
[EventDate "2014.06.30"]
[EventType "swiss"]
[EventRounds "9"]
[EventCountry "FIN"]
[SourceTitle "CBM 161 Extra"]
[Source "ChessBase"]
[SourceDate "2014.08.29"]
[SourceVersion "1"]
[SourceVersionDate "2014.08.29"]
[SourceQuality "1"]

1. d4 Nf6 2. c4 e6 3. Nf3 b6 4. g3 Ba6 5. b3 b5 6. cxb5 Bxb5 7. Bg2 d5 8. Ba3 Bd6 9. 0-0 0-0 10. Bxd6 Qxd6 11. Nc3 Ba6 12. Na4 Nbd7 13. Rc1 c6 14. Re1 Rac8 15. Nc5 Nxc5 16. dxc5 Qc7 17. Qd4 Nd7 18. Bh3 f5 19. Ng5 Rce8 20. f4 e5 21. fxe5 Nxe5 22. Nf3 Bxe2 23. Nxe5 Rxe5 24. Qf4 Qe7 25. Bf1 Re8 26. Rxe2 Rxe2 27. Bxe2 Qxe2 28. Rf1 g6 29. Qd6 Qe3+ 30. Rf2 Qe6 31. Qxe6+ Rxe6 32. Rb2 a5 33. Kf2 Re4 34. a3 Kf7 35. b4 axb4 36. axb4 Ke6 37. b5 cxb5 38. Rxb5 Rc4 39. Ke3 Ke5 40. Kd3 g5 41. Rb7 h5 42. Rh7 h4 43. c6 hxg3 44. hxg3 Rxc6 45. Re7+ Kf6 46. Rd7 Rc4 0-1